| 000 | 00445nam a22001817a 4500 | ||
|---|---|---|---|
| 003 | CEME | ||
| 005 | 20210628202040.0 | ||
| 008 | 210224b xxu||||| |||| 00| 0 eng d | ||
| 020 | _a1-85728-503-4 | ||
| 040 | _c. | ||
| 082 | _a006.3 GUR | ||
| 100 |
_aGurney, Kevin _958054 |
||
| 245 | _aAn introduction to neural networks | ||
| 260 |
_aLONDON _bUCL PRESS _c1997 |
||
| 300 | _aXI,234P | ||
| 650 |
_aNEURAL NETWORKS _958055 |
||
| 942 |
_cBK _2ddc |
||
| 999 |
_c568272 _d568272 |
||